Reading and writing (Record no. 542926)
[ view plain ]
| 000 -LEADER | |
|---|---|
| fixed length control field | 00426nam a22001457a 4500 |
| 082 ## - DEWEY DECIMAL CLASSIFICATION NUMBER | |
| Classification number | 372.623 |
| Author Mark | REA |
| -- | L-29, P-42 |
| 100 ## - MAIN ENTRY--PERSONAL NAME | |
| Personal name | Taylor, Ivan E. |
| 9 (RLIN) | 38288 |
| 245 ## - TITLE STATEMENT | |
| Title | Reading and writing |
| Statement of responsibility, etc. | Ivan E. Taylor, J. Saunders Redding |
| 250 ## - EDITION STATEMENT | |
| Edition statement | 1st ed. |
| 260 ## - PUBLICATION, DISTRIBUTION, ETC. | |
| Place of publication, distribution, etc. | New york |
| Name of publisher, distributor, etc. | The ronald press company |
| Date of publication, distribution, etc. | c1952. |
| 300 ## - PHYSICAL DESCRIPTION | |
| Extent | ix, 421p. : |
| Dimensions | 27cm. |
| 526 ## - STUDY PROGRAM INFORMATION NOTE | |
| Program name | 0 |
| Interest level | 0 |
| Reading level | 0 |
| Title point value | 372_623000000000000_REA |
| 650 ## - SUBJECT ADDED ENTRY--TOPICAL TERM | |
| Topical term or geographic name entry element | MCE |
| 9 (RLIN) | 379 |
| 942 ## - ADDED ENTRY ELEMENTS (KOHA) | |
| Source of classification or shelving scheme | |
| Koha item type | Book |
| Withdrawn status | Lost status | Source of classification or shelving scheme | Damaged status | Not for loan | Permanent Location | Current Location | Date acquired | Total Checkouts | Full call number | Barcode | Date last seen | Price effective from | Koha item type |
|---|---|---|---|---|---|---|---|---|---|---|---|---|---|
| Military College of Engineering (MCE) | Military College of Engineering (MCE) | 02/25/2014 | 372.623 REA | MCE-1984 | 02/25/2014 | 02/25/2014 | Book |
